000 00546nam a2200193Ia 4500
005 20250326141403.0
008 250326s9999 xx 000 0 und d
020 _a0-89930-600-4
037 _aTextbook
040 _aFMSL
_beng
_cFMSL
041 _aeng
_2eng
084 _aX:74 N1
_qFMSL
100 _aStahl M J
_9744329
245 0 _aCompeting globally through customer value
_cStahl M J; Bounds G M
260 _aNew York
_bNew York, Quorum Books
_c1991
300 _a822p
942 _cTB
_hX:74 N1
999 _c1290068
_d1290068